000 00696nam a22002057a 4500
005 20230919160300.0
010 _aENG-138155
020 _a9789383640478
_c730.00
035 _aEN-121687
037 _bDBAD/PUB
082 _a389
_2First 2022
100 _aChaitanya, K
_956986
245 _aMetrology and Machine Tools/
_cBy K Chaitanya and K Sravanthi
250 _aFirst 2022
260 _aHyderabad
_bSpectrum Publications
_c2022
270 _bHyderabad
_a326/C, Level -1 Near B K Guda Park, S R Nagar
_e500038
_k+914023710657
_k+91238000657
_l+914023810657
300 _axvi,p.
_c24cm(hbk)
_bIndex
700 _aSravanthi, K
_eAuthor
_956915
942 _2ddc
_cEN
_h389
_mCHA
999 _c198390
_d198390